| 000 | 00908nam a2200253 i 4500 | ||
|---|---|---|---|
| 001 | bg | ||
| 245 | 0 | 0 |
_aPodstawy transmisji cyfrowej : _bpraca zbiorowa / _cpod red. Andrzeja Dąbrowskiego, Przemysława Dymarskiego. |
| 250 | _aWyd. 2 popr. | ||
| 260 |
_aWarszawa : _bOficyna Wydawnicza Politechniki Warszawskiej, _c2004. |
||
| 300 |
_a179 s. : _bil. ; _c24 cm. |
||
| 504 | _aBibliogr. | ||
| 650 | 9 | _aTransmisja danych | |
| 655 | _aPodręczniki akademickie | ||
| 700 | 1 |
_aDĄBROWSKI, Andrzej. _eRed. |
|
| 700 | 1 |
_aDYMARSKI, Przemysław. _eRed. |
|
| 020 | _a8372071160 | ||
| 040 | _cBPK | ||
| 041 | 0 | _apol | |
| 080 | _a621.391:621.37](075.8) | ||
| 920 | _a83-7207-116-0 | ||
| 942 | _cKS | ||
| 008 | s pl f |000 0 pol | ||
| 999 |
_c51232 _d51232 |
||
| 856 |
_uhttp://koha.tu.koszalin.pl/cgi-bin/koha/opac-detail.pl?biblionumber=51232 _yKatalog online BPK |
||